Quiz su Wallis e Futuna - Statistics

Statistiche generali
  • Questo quiz è stato fatto 6 volte
  • Il punteggio medio è 7 su 13
Statistiche sulle risposte
Definizione Risposta % Corretto
Capo di Stato Emmanuel Macron
100%
Lingua Ufficiale Francese
100%
Wallis e Futuna sono una dipendenza di questo Stato Francia
100%
Oceano in cui si trovano Oceano Pacifico
100%
Numero di montagne (600+ metri) su Wallis e Futuna 0
75%
Due Stati più vicini Figi
50%
Moneta Franco CFP
50%
In passato, le isole erano controllate da quest'altro territorio, sempre dello Stato da cui dipende Nuova Caledonia
50%
Samoa
50%
L'economia del territorio è basata su questa attività Agricoltura
25%
Capitale Matāʻutu
25%
Futuniano
0%
Altre lingue parlate Wallisiano
0%
Nessun quiz corrispondente trovato
Distribuzione punteggi
Percentuale di utenti per punteggio
Percentile per numero di risposta
I tuoi punteggi nel tempo
Non hai fatto questo quiz